Analýza možných rizík a stabilitné posúdenie na odkalisku Nižná Slaná

Na minha lista:
Detalhes bibliográficos
Autor principal: Filo, Adam (Author)
Outros Autores: Slávik, Ivan (Thesis advisor)
Formato: Manuscrito Livro
Idioma:eslovaco
Publicado em: 2023
Assuntos:
Acesso em linha:http://is.stuba.sk/zp/portal_zp.pl?podrobnosti=171278
https://opac.crzp.sk/?fn=detailBiblioForm&sid=C0DEB8E07572332BA9260B15805F
Tags: Adicionar Tag
Sem tags, seja o primeiro a adicionar uma tag!

MARC

LEADER 00000ntm a22000003a 4500
001 stuzp93795
003 SK-STU
005 20230918150046.1
007 ta
008 150427s2015----xo-----f-mn---000-0-slo-d
040 |a STU  |b slo 
041 0 |a slo 
100 1 |a Filo, Adam  |u 010150  |4 aut  |U SvF Stavebná fakulta  |T SvF Katedra geotechniky  |X 99419  |U V150  |Y 15  |7 99419 
242 0 1 |a Analysis of potential risks and stability assessment at the Nižná Slaná tailings pond  |y eng 
245 1 0 |a Analýza možných rizík a stabilitné posúdenie na odkalisku Nižná Slaná 
260 |c 2023 
650 4 |a stabilita svahu  |2 slo 
650 4 |a Geostudio  |2 slo 
650 4 |a hrádza  |2 slo 
650 4 |a odkalisko  |2 slo 
650 4 |a Nižná Slaná  |2 slo 
650 4 |a slope  |2 eng 
650 4 |a dam  |2 eng 
650 4 |a Geostudio  |2 eng 
650 4 |a Tailings dam  |2 eng 
650 4 |a Nižná Slaná  |2 eng 
700 1 |a Slávik, Ivan  |u 010150  |k Z1  |4 ths  |U SvF Stavebná fakulta  |T SvF Katedra geotechniky  |X 696  |U V150  |Y 15  |7 A000000696 
856 4 |u http://is.stuba.sk/zp/portal_zp.pl?podrobnosti=171278 
856 4 |u https://opac.crzp.sk/?fn=detailBiblioForm&sid=C0DEB8E07572332BA9260B15805F